Life : Student's book
Shranjeno v:
| Glavni avtor: | |
|---|---|
| Format: | Knjiga |
| Jezik: | Undetermined |
| Izdano: |
Australia
National Geographic Learning
2019
|
| Teme: | |
| Oznake: |
Označite
Brez oznak, prvi označite!
|
| Thư viện lưu trữ: | Trung tâm Học liệu Trường Đại học Cần Thơ |
|---|
| LEADER | 00678nam a2200229Ia 4500 | ||
|---|---|---|---|
| 001 | CTU_239997 | ||
| 008 | 210402s9999 xx 000 0 und d | ||
| 082 | |a 428.24 | ||
| 082 | |b H893 | ||
| 100 | |a Hughes, John | ||
| 245 | 0 | |a Life : | |
| 245 | 0 | |b Student's book | |
| 245 | 0 | |c John Hughes, Helen Stephenson, Paul Dummett | |
| 260 | |a Australia | ||
| 260 | |b National Geographic Learning | ||
| 260 | |c 2019 | ||
| 526 | |a Anh văn căn bản 1,Anh văn căn bản 2 | ||
| 526 | |b XH023,XH024 | ||
| 650 | |a English language,Anh ngữ | ||
| 650 | |x Study and teaching,Dạy avf học | ||
| 910 | |a Tuyến | ||
| 980 | |a Trung tâm Học liệu Trường Đại học Cần Thơ | ||